Emmanuelle Loyer - Lévi-Strauss - Flammarion, 2015, Prix Femina Essai, 2015, 910 pages, 32 €. Claude Lévi-Strauss - « Chers tous deux » - Lettres à ses parents 1931-1942. Seuil, 2015, 570 pages. 25 €. (notice n° 1855237)
[ vue normale ]
| 000 -LEADER | |
|---|---|
| fixed length control field | 00954cam a2200157 4500500 |
| 005 - DATE AND TIME OF LATEST TRANSACTION | |
| control field | 20260329010725.0 |
| 041 ## - LANGUAGE CODE | |
| Language code of text/sound track or separate title | fre |
| 042 ## - AUTHENTICATION CODE | |
| Authentication code | dc |
| 100 10 - MAIN ENTRY--PERSONAL NAME | |
| Personal name | Gruson, Pascale |
| Relator term | author |
| 245 00 - TITLE STATEMENT | |
| Title | Emmanuelle Loyer - Lévi-Strauss - Flammarion, 2015, Prix Femina Essai, 2015, 910 pages, 32 €. Claude Lévi-Strauss - « Chers tous deux » - Lettres à ses parents 1931-1942. Seuil, 2015, 570 pages. 25 €. |
| 260 ## - PUBLICATION, DISTRIBUTION, ETC. | |
| Date of publication, distribution, etc. | 2016.<br/> |
| 500 ## - GENERAL NOTE | |
| General note | 95 |
| 520 ## - SUMMARY, ETC. | |
| Summary, etc. | Alors que les croisements entre fiction et non-fiction sont à la mode, les chroniques latino-américaines sont curieusement encore mal connues en France. Elles donnent pourtant lieu à une production très riche dans laquelle de grands auteurs s’impliquent. Il n’est pas trop tard pour en découvrir la richesse. |
| 786 0# - DATA SOURCE ENTRY | |
| Note | Études | Février | 2 | 2016-01-26 | p. XIX-XIX | 0014-1941 |
| 856 41 - ELECTRONIC LOCATION AND ACCESS | |
| Uniform Resource Identifier | <a href="https://shs.cairn.info/revue-etudes-2016-2-page-XIX?lang=fr&redirect-ssocas=7080">https://shs.cairn.info/revue-etudes-2016-2-page-XIX?lang=fr&redirect-ssocas=7080</a> |
Pas d'exemplaire disponible.




Réseaux sociaux